[Event "Jastrzebia Gora"]
[Site "Jastrzebia Gora"]
[Date "2015.05.07"]
[Round "1.1"]
[White "Mackowiak, Marek"]
[Black "Wojcieszyn, Zdzislaw"]
[Result "1-0"]
[WhiteElo "2131"]
[BlackElo "1979"]
[PlyCount "45"]
[EventDate "2015.??.??"]

1. c4 c6 2. d4 d5 3. cxd5 cxd5 4. Nc3 Nf6 5. g3 Nc6 6. Bg2 e6 7. Nf3 Qb6 8. O-O
Be7 9. Na4 Qd8 10. Bg5 Ne4 11. Bxe7 Nxe7 12. Nc5 Nxc5 13. dxc5 O-O 14. b4 e5
15. Nxe5 Be6 16. Nf3 b6 17. Rc1 bxc5 18. Rxc5 Qb6 19. Qa4 a5 20. Rxa5 Rxa5 21.
bxa5 Qa6 22. Nd4 Ra8 23. Rb1 1-0

[Event "Jastrzebia Gora"]
[Site "Jastrzebia Gora"]
[Date "2015.05.07"]
[Round "1.2"]
[White "Dukaczewski, Piotr"]
[Black "Pawelec, Bartosz"]
[Result "1-0"]
[WhiteElo "2297"]
[BlackElo "2097"]
[PlyCount "61"]
[EventDate "2015.??.??"]

1. Nf3 d5 2. d4 Nf6 3. c4 dxc4 4. e3 a6 5. Bxc4 b5 6. Bb3 e6 7. a4 b4 8. O-O
Be7 9. Qe2 Bb7 10. Nbd2 Nbd7 11. e4 c5 12. e5 Nd5 13. Nc4 cxd4 14. Nxd4 Nc5 15.
Bc2 Rc8 16. Qg4 Kf8 17. Be3 h5 18. Qh3 Nf4 19. Qg3 Nxg2 20. Rad1 Qc7 21. Nd6 h4
22. Qg4 Bxd6 23. exd6 Qa5 24. Bg5 Bd5 25. Be7+ Ke8 26. Qxg7 Nf4 27. f3 Kd7 28.
Qxf7 Rcg8+ 29. Kh1 e5 30. Bf5+ Nce6 31. Nxe6 1-0

[Event "Jastrzebia Gora"]
[Site "Jastrzebia Gora"]
[Date "2015.05.07"]
[Round "1.3"]
[White "Kulpinski, Piotr"]
[Black "Sargalski, Andrzej"]
[Result "0-1"]
[WhiteElo "1917"]
[BlackElo "1916"]
[PlyCount "96"]
[EventDate "2015.??.??"]

1. d4 d5 2. c4 e6 3. Nc3 Nf6 4. Nf3 c6 5. Bg5 Be7 6. e3 h6 7. Bh4 Nbd7 8. cxd5
exd5 9. Bd3 Ne4 10. Bxe7 Qxe7 11. Bxe4 dxe4 12. Nd2 Nf6 13. O-O O-O 14. Qc2 Re8
15. b4 Bf5 16. Rab1 b5 17. Rfc1 Rac8 18. a3 Nd7 19. Nb3 Nb6 20. Na5 Bd7 21. Ne2
g6 22. Qd1 Rc7 23. Rc2 Rec8 24. Nc1 Be6 25. Ncb3 Nc4 26. Nxc4 Bxc4 27. Rc3 Bd5
28. Rbc1 Kg7 29. Rc5 Qe6 30. R1c3 h5 31. Qc2 Qd6 32. Nd2 f5 33. Qd1 Re8 34. Rc1
Ree7 35. R5c3 Qf6 36. g3 h4 37. Qe2 hxg3 38. hxg3 Rc8 39. f4 Rh8 40. Kg2 Kf8
41. Rg1 Reh7 42. Nf1 Qe6 43. Rc2 Bc4 44. Qe1 Bd3 45. Rc3 Qa2+ 46. Qf2 Rh2+ 47.
Nxh2 Rxh2+ 48. Kxh2 Qxf2+ 0-1

[Event "Jastrzebia Gora"]
[Site "Jastrzebia Gora"]
[Date "2015.05.07"]
[Round "1.5"]
[White "Czajkowski, Adam"]
[Black "Migala, Andrzej"]
[Result "1-0"]
[WhiteElo "2077"]
[BlackElo "2055"]
[PlyCount "41"]
[EventDate "2015.??.??"]

1. e4 c5 2. Nf3 d6 3. d4 cxd4 4. Nxd4 Nf6 5. Nc3 a6 6. h3 e5 7. Nde2 h5 8. g3
Be6 9. Bg2 Be7 10. Bg5 Nbd7 11. a4 O-O 12. O-O Rc8 13. b3 Ne8 14. Be3 h4 15. f4
exf4 16. gxf4 Bf6 17. e5 dxe5 18. f5 Rxc3 19. Nxc3 Qa5 20. Ne4 Bd5 21. b4 1-0

[Event "Jastrzebia Gora"]
[Site "Jastrzebia Gora"]
[Date "2015.05.07"]
[Round "1.6"]
[White "Suder, Ryszard"]
[Black "Falkowski, Dawid"]
[Result "1-0"]
[WhiteElo "2100"]
[BlackElo "2073"]
[PlyCount "41"]
[EventDate "2015.??.??"]

1. Nf3 f5 2. d4 Nf6 3. g3 g6 4. Bg2 Bg7 5. O-O O-O 6. c4 d6 7. Nc3 e6 8. b3 e5
9. dxe5 Ng4 10. Bb2 Nxe5 11. Nxe5 Bxe5 12. f4 Bg7 13. Qd2 Nc6 14. Rad1 Be6 15.
Nd5 Qd7 16. Bc3 a5 17. Qb2 Bxd5 18. Bxd5+ Kh8 19. Rd2 Rad8 20. c5 dxc5 21. Bxc6
1-0

[Event "Jastrzebia Gora"]
[Site "Jastrzebia Gora"]
[Date "2015.05.08"]
[Round "2.1"]
[White "Wojcieszyn, Zdzislaw"]
[Black "Falkowski, Dawid"]
[Result "1-0"]
[WhiteElo "1979"]
[BlackElo "2073"]
[PlyCount "80"]
[EventDate "2015.??.??"]

1. c4 g6 2. g3 Bg7 3. Bg2 Nc6 4. Nc3 e5 5. e3 d6 6. Nge2 Be6 7. Nd5 Qd7 8. O-O
Nd8 9. d3 c6 10. Ndc3 Bh3 11. d4 h5 12. f3 Ne7 13. dxe5 Bxg2 14. Kxg2 Bxe5 15.
e4 Ne6 16. Be3 O-O 17. f4 Bf6 18. Qd2 Bh8 19. Rad1 Rfd8 20. f5 Nf8 21. f6 Nc8
22. e5 Qe6 23. Qd4 Nb6 24. c5 dxe5 25. Qxd8 Rxd8 26. Rxd8 Nbd7 27. Bg5 Kh7 28.
Rd1 Qg4 29. h4 e4 30. Rf1 Ne6 31. Rxd7 Nxg5 32. hxg5 Qxd7 33. Nxe4 b6 34. cxb6
axb6 35. N2c3 Qe6 36. Rd1 b5 37. Rd6 Qe5 38. a3 c5 39. Rd5 Qe6 40. Rxc5 b4 1-0

[Event "Jastrzebia Gora"]
[Site "Jastrzebia Gora"]
[Date "2015.05.08"]
[Round "2.2"]
[White "Migala, Andrzej"]
[Black "Suder, Ryszard"]
[Result "1/2-1/2"]
[WhiteElo "2055"]
[BlackElo "2100"]
[PlyCount "32"]
[EventDate "2015.??.??"]

1. e4 c6 2. d4 d5 3. Nc3 dxe4 4. Nxe4 Nf6 5. Nxf6+ exf6 6. c3 Bd6 7. Bd3 O-O 8.
Qc2 Re8+ 9. Ne2 Kh8 10. Bxh7 g6 11. Bxg6 fxg6 12. Qxg6 Nd7 13. Qh6+ Kg8 14.
Qg6+ Kh8 15. Qh6+ Kg8 16. Qg6+ Kh8 1/2-1/2

[Event "Jastrzebia Gora"]
[Site "Jastrzebia Gora"]
[Date "2015.05.08"]
[Round "2.3"]
[White "Stachanczyk, Jacek"]
[Black "Czajkowski, Adam"]
[Result "0-1"]
[WhiteElo "2303"]
[BlackElo "2077"]
[PlyCount "54"]
[EventDate "2015.??.??"]

1. e4 c5 2. Nf3 e6 3. Nc3 a6 4. d4 cxd4 5. Nxd4 Qc7 6. Bd3 Nc6 7. Be3 Nf6 8.
O-O Nxd4 9. Bxd4 Bc5 10. Bxc5 Qxc5 11. Kh1 b5 12. Qe2 b4 13. Na4 Qc6 14. b3 Bb7
15. f3 O-O 16. c3 bxc3 17. Rac1 e5 18. Rxc3 Qd6 19. Rd1 Rfc8 20. Bc4 Qb4 21. a3
Qa5 22. Qc2 Rc6 23. Qd2 Rac8 24. Rd3 Qc7 25. h3 h6 26. Rd6 Qb8 27. Qa5 Rxd6 0-1

[Event "Jastrzebia Gora"]
[Site "Jastrzebia Gora"]
[Date "2015.05.08"]
[Round "2.4"]
[White "Sargalski, Andrzej"]
[Black "Ruszczycki, Jacek"]
[Result "1-0"]
[WhiteElo "1916"]
[BlackElo "1917"]
[PlyCount "91"]
[EventDate "2015.??.??"]

1. e4 c6 2. d4 d5 3. e5 Bf5 4. Bd3 Qc8 5. Nf3 h5 6. Nh4 Bg4 7. f3 Be6 8. Be3
Nd7 9. c3 c5 10. Nd2 c4 11. Bc2 b5 12. h3 Nh6 13. f4 Nb6 14. Qxh5 Nf5 15. Qxh8
Nxe3 16. Bd1 Na4 17. Rb1 Nf5 18. g4 Nxh4 19. Qxh4 b4 20. Bxa4+ Bd7 21. Bxd7+
Qxd7 22. cxb4 Qa4 23. a3 Qc2 24. Qf2 a5 25. bxa5 Rb8 26. O-O e6 27. f5 Be7 28.
Nf3 Qd3 29. Qd2 Qb3 30. Qc3 Qa4 31. Nd2 Kd7 32. b4 Rh8 33. Kg2 Bg5 34. Nxc4
dxc4 35. Qxc4 Rc8 36. fxe6+ fxe6 37. Rf7+ Ke8 38. Qxc8+ Kxf7 39. Rf1+ Kg6 40.
Qxe6+ Kh7 41. Qf5+ Kh6 42. h4 Qc6+ 43. Rf3 g6 44. Qxg5+ Kh7 45. Qe7+ Kh6 46.
Kg3 1-0

[Event "Jastrzebia Gora"]
[Site "Jastrzebia Gora"]
[Date "2015.05.08"]
[Round "2.5"]
[White "Pawelec, Bartosz"]
[Black "Kulpinski, Piotr"]
[Result "1-0"]
[WhiteElo "2097"]
[BlackElo "1917"]
[PlyCount "85"]
[EventDate "2015.??.??"]

1. e4 c5 2. c3 d5 3. exd5 Qxd5 4. d4 Nf6 5. Nf3 e6 6. Na3 a6 7. Nc4 Nbd7 8. Be2
cxd4 9. Qxd4 b6 10. Bf4 Bc5 11. Qxd5 Nxd5 12. Bg3 O-O 13. Nfe5 Nxe5 14. Nxe5 f6
15. Nd3 Be7 16. Bf3 Ra7 17. O-O-O Rd8 18. c4 Nc7 19. Nb4 Rxd1+ 20. Rxd1 Bxb4
21. Rd8+ Kf7 22. Rxc8 e5 23. Bc6 Bc5 24. Kc2 Bd6 25. f3 Ne6 26. Bf2 Rc7 27.
Rxc7+ Bxc7 28. Kc3 Ke7 29. b4 Kd6 30. Be4 h6 31. h4 g5 32. h5 Bd8 33. g4 Bc7
34. Bf5 Ng7 35. c5+ bxc5 36. Bxc5+ Kc6 37. Bc8 Bd6 38. Bxd6 Kxd6 39. Bxa6 f5
40. Bd3 fxg4 41. fxg4 Ne6 42. Be4 Nd4 43. Kc4 1-0

[Event "Jastrzebia Gora"]
[Site "Jastrzebia Gora"]
[Date "2015.05.08"]
[Round "2.6"]
[White "Mackowiak, Marek"]
[Black "Dukaczewski, Piotr"]
[Result "0-1"]
[WhiteElo "2131"]
[BlackElo "2297"]
[PlyCount "84"]
[EventDate "2015.??.??"]

1. e4 c5 2. Nf3 Nc6 3. d4 cxd4 4. Nxd4 Nf6 5. Nc3 d6 6. Bg5 e6 7. Qd2 a6 8.
O-O-O Bd7 9. f4 b5 10. a3 Qb6 11. Be2 b4 12. axb4 Nxb4 13. Bc4 h6 14. Bh4 Rc8
15. Bb3 Qa5 16. Kb1 Rxc3 17. bxc3 Nxe4 18. Qe3 Nd5 19. Bxd5 Nxc3+ 20. Kb2 Nxd1+
21. Rxd1 Qxd5 22. Rd3 g5 23. Be1 gxf4 24. Qxf4 Bg7 25. Bc3 e5 26. Qe3 O-O 27.
Nb3 Qxg2 28. Rxd6 Bf5 29. Rd2 Qh3 30. Qc5 Rc8 31. Qa5 Qe3 32. h4 Be6 33. Rg2
Qe4 34. Rg3 Kh7 35. h5 Qe2 36. Rxg7+ Kxg7 37. Bxe5+ Kh7 38. Nd4 Qxh5 39. Qe1
Qg6 40. Qb4 Qe4 41. Bf6 Qf4 42. Qe7 Kg6 0-1

[Event "Jastrzebia Gora"]
[Site "Jastrzebia Gora"]
[Date "2015.05.08"]
[Round "3.1"]
[White "Dukaczewski, Piotr"]
[Black "Wojcieszyn, Zdzislaw"]
[Result "1-0"]
[WhiteElo "2297"]
[BlackElo "1979"]
[PlyCount "69"]
[EventDate "2015.??.??"]

1. c4 c6 2. e4 e5 3. Nc3 d6 4. Nf3 Bg4 5. Be2 Nd7 6. O-O Be7 7. b3 Ngf6 8. Bb2
O-O 9. Re1 Qc7 10. d4 a6 11. Qd2 Rad8 12. h3 Bxf3 13. Bxf3 Rfe8 14. g3 Bf8 15.
Bg2 Qb6 16. Na4 Qa7 17. d5 cxd5 18. exd5 Rc8 19. Nc3 Qb6 20. Qe2 Nc5 21. Qc2
Qb4 22. Rab1 Qb6 23. Bc1 Ncd7 24. Be3 Qc7 25. Rec1 Qb8 26. Qe2 Be7 27. h4 Bd8
28. Bh3 Qc7 29. Na4 Rb8 30. b4 b6 31. Rb3 Qb7 32. c5 dxc5 33. bxc5 Qxd5 34. c6
Qa5 35. cxd7 1-0

[Event "Jastrzebia Gora"]
[Site "Jastrzebia Gora"]
[Date "2015.05.08"]
[Round "3.2"]
[White "Kulpinski, Piotr"]
[Black "Mackowiak, Marek"]
[Result "0-1"]
[WhiteElo "1917"]
[BlackElo "2131"]
[PlyCount "106"]
[EventDate "2015.??.??"]

1. d4 d5 2. c4 c6 3. cxd5 cxd5 4. Nc3 Nf6 5. Nf3 a6 6. Bf4 Nc6 7. e3 Qb6 8. Qb3
Qxb3 9. axb3 Bf5 10. Kd2 Rc8 11. Nh4 e6 12. Nxf5 exf5 13. f3 Nb4 14. Bd3 g6 15.
Be5 Be7 16. Ra4 Rc6 17. Rc1 O-O 18. Raa1 Rfc8 19. Ne2 Nd7 20. Rxc6 Rxc6 21. Bg3
h5 22. Rc1 h4 23. Rxc6 bxc6 24. Be1 Nxd3 25. Kxd3 g5 26. Ba5 Bd6 27. h3 Kg7 28.
Nc3 Kg6 29. Bd8 f6 30. Na4 f4 31. e4 dxe4+ 32. Kxe4 f5+ 33. Kd3 Nf8 34. Nb6 Ne6
35. Nc8 Bf8 36. Be7 Bg7 37. Bc5 Bf6 38. Ne7+ Bxe7 39. Bxe7 Nc7 40. Bb4 Nd5 41.
Bd2 Kf6 42. Kc4 Ke6 43. Kc5 Kd7 44. Ba5 Ne3 45. Kb6 Nxg2 46. d5 cxd5 47. Kxa6
g4 48. b4 gxh3 49. b5 h2 50. b6 h1=Q 51. b7 Qf1+ 52. Ka7 Qb5 53. b8=Q Qxa5+ 0-1

[Event "Jastrzebia Gora"]
[Site "Jastrzebia Gora"]
[Date "2015.05.08"]
[Round "3.3"]
[White "Ruszczycki, Jacek"]
[Black "Pawelec, Bartosz"]
[Result "0-1"]
[WhiteElo "1917"]
[BlackElo "2097"]
[PlyCount "60"]
[EventDate "2015.??.??"]

1. e4 c6 2. d4 d5 3. f3 e5 4. dxe5 Bc5 5. Ne2 Qb6 6. Nec3 Bf2+ 7. Ke2 Bg1 8.
Qd3 Qf2+ 9. Kd1 d4 10. Na4 Nd7 11. b4 Nxe5 12. Qe2 Ng4 13. h3 Ne3+ 14. Bxe3
Qxe3 15. Nc5 a5 16. Nd3 axb4 17. Nxb4 Be6 18. a4 Nf6 19. g4 h5 20. Bg2 hxg4 21.
hxg4 Rxh1 22. Bxh1 Qf4 23. Nd3 Qg5 24. Nd2 Be3 25. Nb3 Qh4 26. Bg2 Qg3 27. Nbc5
Bc8 28. Rb1 Nxg4 29. Nxb7 Rb8 30. Ndc5 Nf2+ 0-1

[Event "Jastrzebia Gora"]
[Site "Jastrzebia Gora"]
[Date "2015.05.08"]
[Round "3.4"]
[White "Czajkowski, Adam"]
[Black "Sargalski, Andrzej"]
[Result "1/2-1/2"]
[WhiteElo "2077"]
[BlackElo "1916"]
[PlyCount "80"]
[EventDate "2015.??.??"]

1. e4 e5 2. Nf3 Nc6 3. Bb5 a6 4. Ba4 Nf6 5. O-O d6 6. Re1 b5 7. Bb3 Be7 8. c3
O-O 9. d4 Bg4 10. Be3 Na5 11. dxe5 Bxf3 12. Qxf3 dxe5 13. Nd2 Nxb3 14. axb3 Re8
15. b4 Qc8 16. Nb3 Nd7 17. Red1 c5 18. Qf5 Ra7 19. Bxc5 g6 20. Qf3 Nxc5 21.
bxc5 Bxc5 22. Nxc5 Qxc5 23. Qf6 Qc4 24. f3 Qe6 25. Qxe6 Rxe6 26. Rd5 Rc7 27.
Kf2 Kg7 28. Ke3 g5 29. Kd3 f6 30. Rc1 Rb6 31. h4 h6 32. h5 Kf7 33. Ke3 Ke6 34.
Rcd1 b4 35. R1d3 bxc3 36. bxc3 Rb3 37. Rd6+ Ke7 38. Rxa6 Rbxc3 39. Rxc3 Rxc3+
40. Kd2 Rc7 1/2-1/2

[Event "Jastrzebia Gora"]
[Site "Jastrzebia Gora"]
[Date "2015.05.08"]
[Round "3.5"]
[White "Suder, Ryszard"]
[Black "Stachanczyk, Jacek"]
[Result "1/2-1/2"]
[WhiteElo "2100"]
[BlackElo "2303"]
[PlyCount "82"]
[EventDate "2015.??.??"]

1. Nf3 g6 2. d4 Bg7 3. c4 c5 4. d5 b5 5. e4 d6 6. Bd3 Nf6 7. cxb5 O-O 8. Nc3 a6
9. b6 Qxb6 10. O-O Bg4 11. Rb1 Nbd7 12. h3 Bxf3 13. Qxf3 Ne5 14. Qe2 Nxd3 15.
Qxd3 Nd7 16. Be3 Qb4 17. Qc2 Rab8 18. Bd2 Ne5 19. b3 Qd4 20. Ne2 Qd3 21. Qxd3
Nxd3 22. Bc3 Bxc3 23. Nxc3 Rb7 24. Rfd1 Ne5 25. f3 Rfb8 26. Rbc1 Rb4 27. Ne2 a5
28. Rc2 a4 29. bxa4 Rxa4 30. Nc3 Ra5 31. Kf2 Kg7 32. Ke2 h6 33. Rb1 Rxb1 34.
Nxb1 Ra7 35. Nd2 g5 36. Nf1 Ng6 37. Ne3 Nf4+ 38. Kd2 Kf6 39. Rb2 Ra3 40. Nc4
Ra6 41. Kc3 Ra4 1/2-1/2

[Event "Jastrzebia Gora"]
[Site "Jastrzebia Gora"]
[Date "2015.05.08"]
[Round "3.6"]
[White "Falkowski, Dawid"]
[Black "Migala, Andrzej"]
[Result "1/2-1/2"]
[WhiteElo "2073"]
[BlackElo "2055"]
[PlyCount "60"]
[EventDate "2015.??.??"]

1. e4 c5 2. Nf3 d6 3. d4 cxd4 4. Nxd4 Nf6 5. Nc3 a6 6. Bg5 e6 7. f4 Nc6 8. Qd2
h6 9. Bxf6 Qxf6 10. Nxc6 bxc6 11. O-O-O Qd8 12. Bd3 Be7 13. Kb1 Rb8 14. g4 Qa5
15. Ne2 Qxd2 16. Rxd2 Bf6 17. c3 g5 18. Kc2 c5 19. f5 Bb7 20. Ng3 Be5 21. Re2
Ke7 22. Rg1 a5 23. Nf1 Bf4 24. Ne3 Bc6 25. Nd5+ Bxd5 26. exd5 e5 27. a4 h5 28.
h3 hxg4 29. hxg4 f6 30. Reg2 Kd7 1/2-1/2

[Event "Jastrzebia Gora"]
[Site "Jastrzebia Gora"]
[Date "2015.05.09"]
[Round "4.2"]
[White "Stachanczyk, Jacek"]
[Black "Falkowski, Dawid"]
[Result "1-0"]
[WhiteElo "2303"]
[BlackElo "2073"]
[PlyCount "29"]
[EventDate "2015.??.??"]

1. e4 c5 2. Nc3 Nc6 3. Nge2 Nf6 4. g3 d5 5. exd5 Nxd5 6. Bg2 Nc7 7. O-O Bg4 8.
h3 Bh5 9. g4 Bg6 10. Nf4 e6 11. d3 Be7 12. Be3 O-O 13. Ne4 Nd5 14. Nxg6 Nxe3
15. Nxe7+ 1-0

[Event "Jastrzebia Gora"]
[Site "Jastrzebia Gora"]
[Date "2015.05.09"]
[Round "4.3"]
[White "Sargalski, Andrzej"]
[Black "Suder, Ryszard"]
[Result "0-1"]
[WhiteElo "1916"]
[BlackElo "2100"]
[PlyCount "73"]
[EventDate "2015.??.??"]

1. e4 Nf6 2. Nc3 d5 3. exd5 Nxd5 4. Nxd5 Qxd5 5. d4 Nc6 6. c3 e5 7. Qe2 Be6 8.
dxe5 Nxe5 9. Bf4 Bd6 10. Bxe5 Qxe5 11. Qxe5 Bxe5 12. Nf3 Bf6 13. Be2 O-O-O 14.
O-O Rhe8 15. Rfe1 a6 16. h3 c5 17. a4 Kc7 18. Kf1 Bd5 19. a5 Re7 20. Rad1 Red7
21. Rd2 Bb3 22. Rxd7+ Rxd7 23. Rc1 Be6 24. Ke1 Kc6 25. b4 Re7 26. Kf1 Bc8 27.
Bd3 h6 28. Rc2 Rc7 29. Ke1 Kd6 30. Kd2 Be6 31. Be4 Bc4 32. Bd3 Bd5 33. Be2 g6
34. Bd3 h5 35. Be2 Bg7 36. g4 Be4 37. Ra2 0-1

[Event "Jastrzebia Gora"]
[Site "Jastrzebia Gora"]
[Date "2015.05.09"]
[Round "4.4"]
[White "Pawelec, Bartosz"]
[Black "Czajkowski, Adam"]
[Result "1/2-1/2"]
[WhiteElo "2097"]
[BlackElo "2077"]
[PlyCount "68"]
[EventDate "2015.??.??"]

1. e4 c5 2. c3 Nf6 3. e5 Nd5 4. d4 cxd4 5. cxd4 Nc6 6. Nc3 Nxc3 7. bxc3 d6 8.
f4 dxe5 9. fxe5 Bf5 10. Nf3 e6 11. Bd3 Bxd3 12. Qxd3 Be7 13. O-O O-O 14. Qe4
Rc8 15. Qg4 f5 16. exf6 Rxf6 17. Qe4 Qd5 18. Re1 Bd6 19. Bg5 Rg6 20. h4 Bg3 21.
Re2 Qxe4 22. Rxe4 h6 23. Bd2 Na5 24. Be1 Bxe1 25. Raxe1 Rxc3 26. Rxe6 Rxe6 27.
Rxe6 Nc4 28. Re8+ Kf7 29. Rc8 Rc1+ 30. Kh2 b5 31. Rc7+ Kf6 32. Rxa7 Rc2 33. Ne5
Nxe5 34. dxe5+ Kxe5 1/2-1/2

[Event "Jastrzebia Gora"]
[Site "Jastrzebia Gora"]
[Date "2015.05.09"]
[Round "4.5"]
[White "Mackowiak, Marek"]
[Black "Ruszczycki, Jacek"]
[Result "1-0"]
[WhiteElo "2131"]
[BlackElo "1917"]
[PlyCount "59"]
[EventDate "2015.??.??"]

1. c4 f5 2. d4 Nf6 3. Nc3 d5 4. cxd5 Nxd5 5. Nf3 e6 6. Bg5 Be7 7. Bxe7 Qxe7 8.
e3 Nd7 9. Bc4 c6 10. Bxd5 exd5 11. O-O O-O 12. Qd2 g5 13. Ne2 Kh8 14. Ne1 Nf6
15. Nd3 Ne4 16. Qc2 Rf6 17. f3 Nd6 18. Ne5 Rh6 19. Rae1 Be6 20. Nc3 Rg8 21. Qf2
Ne8 22. e4 fxe4 23. fxe4 Qd6 24. exd5 Bxd5 25. Nxd5 Qxd5 26. Nf7+ Kg7 27. Nxh6
Kxh6 28. Re7 Nd6 29. Qf6+ Rg6 30. Qf8+ 1-0

[Event "Jastrzebia Gora"]
[Site "Jastrzebia Gora"]
[Date "2015.05.09"]
[Round "4.6"]
[White "Dukaczewski, Piotr"]
[Black "Kulpinski, Piotr"]
[Result "1-0"]
[WhiteElo "2297"]
[BlackElo "1917"]
[PlyCount "81"]
[EventDate "2015.??.??"]

1. e4 c6 2. c4 e5 3. Nc3 d6 4. h3 g6 5. Nf3 Bg7 6. Be2 f5 7. d4 Nd7 8. exf5
gxf5 9. Ng5 Ndf6 10. dxe5 dxe5 11. Qxd8+ Kxd8 12. Nf7+ Kc7 13. O-O Be6 14. Nxh8
Ne7 15. f3 Bxh8 16. Be3 f4 17. Bf2 Rg8 18. Kh2 b6 19. Rfe1 Nh5 20. Bd3 Nf5 21.
Bxf5 Bxf5 22. Ne4 Nf6 23. Rad1 Nxe4 24. fxe4 Be6 25. b3 Bf6 26. Rd3 h5 27. c5
b5 28. Rd6 Re8 29. b4 a6 30. Ra1 Kb7 31. a4 Bd8 32. axb5 axb5 33. Rd3 Bc7 34.
Rda3 Bb8 35. Ra6 Bc4 36. Rb6+ Kc7 37. Raa6 Re6 38. Ra8 Re8 39. Bh4 Bd3 40. Bf6
Bxe4 41. Raxb8 1-0

[Event "Jastrzebia Gora"]
[Site "Jastrzebia Gora"]
[Date "2015.05.10"]
[Round "5.1"]
[White "Kulpinski, Piotr"]
[Black "Wojcieszyn, Zdzislaw"]
[Result "1-0"]
[WhiteElo "1917"]
[BlackElo "1979"]
[PlyCount "37"]
[EventDate "2015.??.??"]

1. d4 d5 2. c4 c6 3. Nf3 Nf6 4. Nc3 dxc4 5. e4 Bg4 6. Bxc4 b5 7. Bxf7+ Kxf7 8.
Ne5+ Ke8 9. Nxg4 Nxg4 10. Qxg4 Qxd4 11. O-O Qd7 12. Qf3 e6 13. Rd1 Qb7 14. e5
Be7 15. Ne4 Nd7 16. Nd6+ Bxd6 17. Rxd6 Nf8 18. Rxc6 Rb8 19. Be3 1-0

[Event "Jastrzebia Gora"]
[Site "Jastrzebia Gora"]
[Date "2015.05.10"]
[Round "5.2"]
[White "Ruszczycki, Jacek"]
[Black "Dukaczewski, Piotr"]
[Result "0-1"]
[WhiteElo "1917"]
[BlackElo "2297"]
[PlyCount "62"]
[EventDate "2015.??.??"]

1. e4 c5 2. f4 d5 3. exd5 Nf6 4. Nc3 Nxd5 5. Nxd5 Qxd5 6. b3 Nc6 7. Nf3 Bg4 8.
Be2 O-O-O 9. Bb2 e6 10. d3 Qf5 11. Ne5 Bxe2 12. Qxe2 Nd4 13. Qd2 Bd6 14. O-O
Bxe5 15. fxe5 Qxe5 16. Rae1 Qc7 17. b4 Rd7 18. Qf2 e5 19. c3 Ne6 20. bxc5 Nxc5
21. Qg3 Nxd3 22. Re2 Qb6+ 23. Kh1 Nxb2 24. Rxe5 Rhd8 25. h3 Rd1 26. Qg4+ Kb8
27. Rxd1 Rxd1+ 28. Kh2 Qd6 29. Qg3 Nc4 30. Re8+ Kc7 31. Re7+ Kc6 0-1

[Event "Jastrzebia Gora"]
[Site "Jastrzebia Gora"]
[Date "2015.05.10"]
[Round "5.3"]
[White "Czajkowski, Adam"]
[Black "Mackowiak, Marek"]
[Result "0-1"]
[WhiteElo "2077"]
[BlackElo "2131"]
[PlyCount "56"]
[EventDate "2015.??.??"]

1. e4 e5 2. Nf3 Nc6 3. Bb5 a6 4. Ba4 d6 5. O-O Nf6 6. Re1 Be7 7. c3 O-O 8. d4
b5 9. Bb3 Bb7 10. Nbd2 Na5 11. dxe5 dxe5 12. Nxe5 Nxb3 13. Qxb3 Bc5 14. h3 Qd6
15. Ndf3 Nxe4 16. Be3 Bxe3 17. Rxe3 Rad8 18. Rd3 Qe7 19. Rad1 Rxd3 20. Rxd3 Nc5
21. Qa3 Re8 22. Re3 Ne6 23. Qa5 h6 24. a4 bxa4 25. Qxa4 Rd8 26. Qg4 Rd1+ 27.
Kh2 c5 28. Ng5 Qxg5 0-1

[Event "Jastrzebia Gora"]
[Site "Jastrzebia Gora"]
[Date "2015.05.10"]
[Round "5.4"]
[White "Suder, Ryszard"]
[Black "Pawelec, Bartosz"]
[Result "1/2-1/2"]
[WhiteElo "2100"]
[BlackElo "2097"]
[PlyCount "60"]
[EventDate "2015.??.??"]

1. Nf3 d5 2. b3 Nf6 3. Bb2 Bf5 4. c4 e6 5. g3 Be7 6. Bg2 O-O 7. O-O Nbd7 8. d3
c5 9. cxd5 exd5 10. d4 c4 11. Nc3 Qa5 12. Ne5 Bb4 13. Rc1 Bxc3 14. Bxc3 Qxa2
15. bxc4 dxc4 16. Bxb7 Rab8 17. Nxd7 Bxd7 18. Bf3 Rfe8 19. d5 Ne4 20. Bd4 Ba4
21. Ra1 Bxd1 22. Rxa2 Bb3 23. Rxa7 Nd2 24. Rc1 Nxf3+ 25. exf3 Rbd8 26. Ra5 h6
27. Kf1 Rd7 28. Rca1 Red8 29. Ke2 Rxd5 30. Rxd5 Rxd5 1/2-1/2

[Event "Jastrzebia Gora"]
[Site "Jastrzebia Gora"]
[Date "2015.05.10"]
[Round "5.5"]
[White "Falkowski, Dawid"]
[Black "Sargalski, Andrzej"]
[Result "1-0"]
[WhiteElo "2073"]
[BlackElo "1916"]
[PlyCount "97"]
[EventDate "2015.??.??"]

1. e4 e5 2. Nf3 Nc6 3. Bb5 a6 4. Ba4 Nf6 5. O-O d6 6. d4 b5 7. dxe5 Nxe5 8.
Nxe5 dxe5 9. Bb3 Qxd1 10. Rxd1 Bd6 11. Bg5 Bb7 12. Bxf6 gxf6 13. Nc3 Rg8 14.
Bd5 Bxd5 15. Nxd5 Rg6 16. Rd3 O-O-O 17. Rad1 Kb7 18. g3 h5 19. Kf1 h4 20. gxh4
Rh8 21. Rh3 Rg4 22. f3 Rgxh4 23. Rxh4 Rxh4 24. Kg2 f5 25. exf5 e4 26. f4 Bxf4
27. Nxf4 Rxf4 28. Rd4 Kc6 29. Kg3 Rxf5 30. Rxe4 Kd6 31. h4 Rh5 32. Kg4 f5+ 33.
Kxh5 fxe4 34. Kg4 Ke5 35. b4 Kd4 36. Kf4 e3 37. Kf3 e2 38. Kxe2 Ke4 39. a3 Kd4
40. Kf3 Kc3 41. h5 Kxc2 42. h6 Kb3 43. h7 Kxa3 44. h8=Q Kxb4 45. Ke3 c5 46.
Qb2+ Ka5 47. Ke4 Kb6 48. Kd5 c4 49. Qb4 1-0

[Event "Jastrzebia Gora"]
[Site "Jastrzebia Gora"]
[Date "2015.05.10"]
[Round "5.6"]
[White "Migala, Andrzej"]
[Black "Stachanczyk, Jacek"]
[Result "1/2-1/2"]
[WhiteElo "2055"]
[BlackElo "2303"]
[PlyCount "61"]
[EventDate "2015.??.??"]

1. e4 g6 2. d4 Bg7 3. g3 c5 4. Ne2 cxd4 5. Nxd4 Nf6 6. Nc3 Nc6 7. Nde2 b5 8.
Bg2 b4 9. Nd5 O-O 10. O-O a5 11. a3 Ba6 12. Re1 Ng4 13. h3 Nge5 14. axb4 axb4
15. Ra4 b3 16. cxb3 e6 17. Ndc3 Qb6 18. Be3 Qb7 19. Nc1 f6 20. f4 Nf7 21. Qd2
Rfd8 22. Rd1 d6 23. Kh2 f5 24. Qf2 h6 25. Rd2 Kh7 26. Bf3 Bb5 27. Rxa8 Rxa8 28.
Qg2 fxe4 29. Nxe4 d5 30. Nc5 Qe7 31. Bg1 1/2-1/2

[Event "Jastrzebia Gora"]
[Site "Jastrzebia Gora"]
[Date "2015.05.11"]
[Round "6.1"]
[White "Wojcieszyn, Zdzislaw"]
[Black "Stachanczyk, Jacek"]
[Result "0-1"]
[WhiteElo "1979"]
[BlackElo "2303"]
[PlyCount "102"]
[EventDate "2015.??.??"]

1. c4 c6 2. d4 d5 3. cxd5 cxd5 4. Nc3 Nf6 5. Nf3 Nc6 6. Bf4 Bf5 7. e3 e6 8. Bd3
Bxd3 9. Qxd3 a6 10. O-O Be7 11. h3 Nd7 12. Rfc1 g5 13. Bh2 f5 14. Ne5 Ndxe5 15.
Bxe5 O-O 16. Qe2 Nxe5 17. dxe5 Qb8 18. f4 gxf4 19. exf4 Rf7 20. Kh1 Rg7 21. Qe3
Qd8 22. Ne2 Kf7 23. Rc2 Qa5 24. a3 Rag8 25. g3 Bd8 26. Qf3 Bb6 27. Rac1 Qa4 28.
b4 Rd8 29. Qh5+ Kg8 30. Rc8 Qd7 31. Rxd8+ Qxd8 32. Rd1 d4 33. Nxd4 Rd7 34. Qh6
Qe7 35. Rc1 Rxd4 36. Rc8+ Rd8 37. Rc2 Re8 38. Rd2 Qg7 39. Qh4 Qe7 40. Qh5 Rd8
41. Rc2 Qd7 42. Qg5+ Qg7 43. Qh4 Kh8 44. Kh2 h6 45. a4 Kh7 46. a5 Bc7 47. g4
fxg4 48. hxg4 Rf8 49. Rf2 Rxf4 50. Rxf4 Bxe5 51. Qg3 Qg5 0-1

[Event "Jastrzebia Gora"]
[Site "Jastrzebia Gora"]
[Date "2015.05.11"]
[Round "6.2"]
[White "Sargalski, Andrzej"]
[Black "Migala, Andrzej"]
[Result "0-1"]
[WhiteElo "1916"]
[BlackElo "2055"]
[PlyCount "62"]
[EventDate "2015.??.??"]

1. e4 c5 2. Nf3 d6 3. d4 cxd4 4. Nxd4 Nf6 5. Nc3 a6 6. Be2 e5 7. Nf3 h6 8. h3
Be7 9. Be3 Nbd7 10. Qd2 b5 11. a3 Bb7 12. Bd3 Rc8 13. Qe2 d5 14. exd5 Nxd5 15.
Bd2 O-O 16. O-O Qc7 17. Rfe1 Nxc3 18. Bxc3 Bd6 19. Nh4 Rfe8 20. Qh5 e4 21. Bxg7
Kxg7 22. Nf5+ Kf6 23. Qxh6+ Kxf5 24. g4+ Ke5 25. f4+ Kd4 26. Bf1 Kc5 27. b4+
Kb6 28. Rad1 Re6 29. Qg7 Qc3 30. Qxf7 Qg3+ 31. Bg2 Rxc2 0-1

[Event "Jastrzebia Gora"]
[Site "Jastrzebia Gora"]
[Date "2015.05.11"]
[Round "6.3"]
[White "Pawelec, Bartosz"]
[Black "Falkowski, Dawid"]
[Result "1/2-1/2"]
[WhiteElo "2097"]
[BlackElo "2073"]
[PlyCount "66"]
[EventDate "2015.??.??"]

1. e4 c6 2. d4 d5 3. Nc3 dxe4 4. Nxe4 Nf6 5. Nxf6+ gxf6 6. Nf3 Bf5 7. Bc4 Nd7
8. Nh4 Bg6 9. f4 e6 10. O-O f5 11. Qe1 Nf6 12. c3 Be7 13. Nf3 Qc7 14. a4 Ne4
15. Ne5 O-O 16. Rf3 Bh5 17. Re3 Kh8 18. Kh1 Rg8 19. Be2 Bxe2 20. Qxe2 Bd6 21.
Rh3 f6 22. Nd3 Rg4 23. g3 Rag8 24. Nf2 Nxf2+ 25. Qxf2 Qa5 26. Qf3 Qd5 27. Qxd5
cxd5 28. Be3 Rc8 29. Kg2 Rg7 30. Rh6 Rf7 31. Kf3 Kg7 32. Rh4 Kf8 33. Ke2 Ke7
1/2-1/2